| 000 | 004860000a22001810004500 | ||
|---|---|---|---|
| 003 | LK-CoMWRAF | ||
| 005 | 20230916051540.0 | ||
| 008 | 230817t2004 ||||| |||| 00| 0 eng d | ||
| 040 |
_aLK-CoMWRAF _dLK-CoMWRAF _eLK-CoMWRAF |
||
| 041 | _aeng | ||
| 082 |
_a297.122 _bAHM |
||
| 245 |
_aReading Qur'an Yourself : _b(Arabic-English) |
||
| 260 |
_aNew Delhi : _bAdam Publications, _c2004 |
||
| 300 | _a64p | ||
| 650 | _aIslam-Qur'an | ||
| 700 |
_aAhmad, Maulana Masroor _ecomp. |
||
| 942 | _cBK | ||
| 999 |
_c1501 _d1501 |
||